| 000 | 01734nam a2200313Ia 4500 | ||
|---|---|---|---|
| 999 |
_c40012 _d40012 |
||
| 001 | 6618 | ||
| 003 | GE_BSU | ||
| 005 | 20191213115423.0 | ||
| 008 | 181216s2011||||ge |||||||||||||| ||geo|| | ||
| 020 | _a9789941039706 | ||
| 040 | _cGE_BSU | ||
| 041 | _ageo | ||
| 080 | _a821.353.1.092 ვ-19 | ||
| 245 |
_aვაჟა-ფშაველა 150 = Vazha-Pshavela 150 : _bსაუბილეო კრებული / _cშოთა რუსთაველის ქართ. ლიტ-რის ინ-ტი ; რედ. ირმა რატიანი ; მხატვ. ნოდარ სუმბაძე |
||
| 264 |
_aთბილისი : _bშ.რუსთაველის ქართული ლიტ-ს ინ-ტი, _c2011. |
||
| 300 |
_a328 გვ. ; _b20 სმ. |
||
| 500 | _aპარალ. თავფურ. ინგლ.. | ||
| 600 |
_aვაჟა-ფშაველა _95768 |
||
| 653 | _aქართველი მწერლები | ||
| 653 | _a ქართული ლიტერატურის ისტორია და კრიტიკა | ||
| 700 |
_aაბზიანიძე, ზაზა _eავტორი _92005 |
||
| 700 |
_aკალანდარიშვილი, ელისო _eავტორი _95793 |
||
| 700 |
_aბარბაქაძე, თამარ _eავტორი _95794 |
||
| 700 |
_aკვაჭანტირაძე, მანანა _eავტორი _95795 |
||
| 700 |
_aრატიანი, ირმა _eრედაქტორი _95778 |
||
| 700 |
_aსუმბაძე, ნოდარ _eმხატვარი _95779 |
||
| 710 |
_a ქართ. ლიტ. ინ-ტი _95796 |
||
| 942 |
_cBK _2udc |
||